Khalid Al-Walid R.a

Bibliographic Details
Main Author: Nur Fatimah Az-Zahra
Format: Book
Published: Selangor : Penerbitan Nadi Ilmu , 2007.
Series:Siri kisah para sahabat Rasulullah SAW yang terpilih
Subjects:

MARC

LEADER 00000cam a2200000 7i4500
001 0000048255
005 20220105105341.0
008 150613
020 |a 983886336X 
090 0 0 |a REG   |b MAL 
100 1 |a Nur Fatimah Az-Zahra 
245 1 0 |a Khalid Al-Walid R.a   |c Nur Fatimah Az-Zahra 
260 |a Selangor :   |b Penerbitan Nadi Ilmu ,   |c 2007. 
300 |a 32pg. :   |b col.ill. 
490 1 |a Siri kisah para sahabat Rasulullah SAW yang terpilih 
500 |a Children ages 7-9 years old (orange) 
650 0 |a Children's,Stories,Malay 
999 |a 0001134798   |b Book   |c Children Collection   |e Cawangan Tangkak 
999 |a 0001134803   |b Book   |c Children Collection   |e Cawangan Tmn. Ungku Tun Aminah